| 000 | 00361nam a2200145Ia 4500 | ||
|---|---|---|---|
| 005 | 20250323123552.0 | ||
| 008 | 240331s9999 xx 000 0 und d | ||
| 082 |
_bMER _a894 |
||
| 245 | 0 | _aMerkilirunthu uthayam | |
| 260 |
_aChennai _bSouth Asian Books _c1993 |
||
| 300 | _a96 p ., | ||
| 500 | _aShort Stories Collection | ||
| 700 |
_aVendhan. _eedt |
||
| 942 | _cL | ||
| 999 |
_c4074 _d4074 |
||